000 00943nam0a22002891 4500
001 v19\rc\1590052
005 20250618214025.0
035 _a(NLR Aleph) 004714779
090 _a4250128
_c4250128
100 _a20061002d1894 |||y0rusy50 ca
101 0 _arus
102 _aRU
105 _ay z |||||
200 1 _aХирургическое лечение ущемленных грыж
_e(Отчет о 90 случаях)
_f[Соч.] С.Г. Шалиты
210 _aСанкт-Петербург
_cтип. П.П. Сойкина
_d1894
215 _a[2], 97 с.
_d22
320 _aБиблиогр.: с. 97
700 1 _aШалита
_bС.Г.
_f1851-1910
_gСемен Григорьевич
801 0 _aRU
_bNLR
_gpsbo
801 0 _aRU
_bRuMoRGB
_2psbo
801 1 _aRU
_bProSoft-M
_2rusmarc
852 _aNLR
_j18.226.8.132
852 _aNLR
_bМф
_jК1/25169
899 _aRuMoRGB
_jE 57/118
899 _aБАН
942 _cBOOK
980 _aNB